ბათუმის შოთა რუსთაველის სახელმწიფო უნივერსიტეტის ბიბლიოთეკა

ქართული ფრაზეოლოგიის საკითხები (ბიბ.ჩანაწერი № 51051)

000 -LEADER
fixed length control field 00900nam a2200217Ia 4500
001 - CONTROL NUMBER
control field 18008
003 - CONTROL NUMBER IDENTIFIER
control field GE_BSU
008 - FIXED-LENGTH DATA ELEMENTS--GENERAL INFORMATION
fixed length control field 181216s||||||||xx |||||||||||||| ||und||
040 ## - CATALOGING SOURCE
Transcribing agency GE_BSU
080 ## - UNIVERSAL DECIMAL CLASSIFICATION NUMBER
Universal Decimal Classification number 811.353.1'38
100 ## - MAIN ENTRY--PERSONAL NAME
Personal name თაყაიშვილი, ა.
245 ## - TITLE STATEMENT
Title ქართული ფრაზეოლოგიის საკითხები
245 ## - TITLE STATEMENT
Statement of responsibility, etc. რედ. ვ. თოფურია.
260 ## - PUBLICATION, DISTRIBUTION, ETC.
Place of publication, distribution, etc. თბილისი
260 ## - PUBLICATION, DISTRIBUTION, ETC.
Name of publisher, distributor, etc. საქ. სსრ მეცნ. აკად. გამ-ბა და სტ
260 ## - PUBLICATION, DISTRIBUTION, ETC.
Date of publication, distribution, etc. 1961
300 ## - PHYSICAL DESCRIPTION
Extent 154გვ. ; 22სმ.
300 ## - PHYSICAL DESCRIPTION
Accompanying material დამატ. თავფურც. რუს. ენ. და რეზ. რუს. ენ.. - ბიბლიოგრ. შენიშვნებში.
653 ## - INDEX TERM--UNCONTROLLED
Uncontrolled term ქართული ფრაზეოლოგიის საკითხები
942 ## - ADDED ENTRY ELEMENTS (KOHA)
Koha item type წიგნი
ეგზემპლარები
Withdrawn status Lost status Damaged status Not for loan Date acquired Barcode Date last seen Price effective from Koha item type
        2018-12-17 45949 2018-12-17 2018-12-17 წიგნი